01362nam a2200325 i 4500001001000000003000900010005001700019007000300036008004100039040003000080041000800110082002600118100004700144245012400191264009000315300002800405336002700433337003300460338002800493490006900521490003500590500004200625504004100667650005100708650006700759650004900826650006200875830006600937830003301003000016590DO-SdBNP20260531015042.0ta100308s1986 dr 000 0 spa d aDO-SdBNPbspacBNPHUerda aspa a338.109729bB142f2231 aBáez Evertsz, Franc ,d 1948-2016eautor13aLa formación del sistema agroexportador en El Caribe :bRepública Dominicana-Cuba 1515-1898 /cFranc Báez Evertsz aSanto Domingo :bEditora Universitaria-Universidad Autónoma de Santo Domingo,c1986 a253 páginas ;c22 cm. ardacontentbtexto2txt ardamediabsin mediación2n ardacarrierbvolumen2nc1 aPublicaciones de Universidad Autónoma de Santo Domingo ;v532 1 aEconomía y Sociedad ;vno. 6 aIncluye notas al pie de las páginas aIncluye Bibliografía ( p. 247-253) 72lembaAgriculturaxHistoriazCaribe (región) 72lembaAgriculturaxAspectos EconomicoszRepública Dominicana 72lembaAgriculturaxAspectos EconomicoszCuba 72ArmarcaIndustria Azucarera xHistoriazCaribe (región) 0aPublicaciones de Universidad Autónoma de Santo Domingov532 0aEconomía y Sociedadnno. 6